Catalyzed processes in the production of fuels Bachelor thesis
Salvato in:
| Autore principale: | |
|---|---|
| Natura: | Libro |
| Lingua: | inglese |
| Pubblicazione: |
Bratislava
STU FCHPT
2013
|
| Accesso online: | Visualizza in OPAC |
| Tags: |
Nessun Tag, puoi essere il primo ad aggiungerne!!
|
MARC
| LEADER | 00000nam a2200000 a 4500 | ||
|---|---|---|---|
| 005 | 20260127134128.0 | ||
| 008 | 131205 2013 000 0 eng d | ||
| 035 | |a vtls010562857 | ||
| 039 | 9 | |a 201312111506 |b mschk03 |y 201312050918 |z mschk03 | |
| 040 | |a STUSCHK1 |b slo |c STUSCHK1 |e AACR2 | ||
| 100 | 1 | |a Hassan, Yaaqoub H.A. | |
| 245 | 1 | |a Catalyzed processes in the production of fuels |b Bachelor thesis |c Yaaqoub H.A. Hassan | |
| 260 | |a Bratislava |b STU FCHPT |c 2013 | ||
| 300 | |a 26 p. |b ill. |c 30 cm | ||
| 500 | |a Obhájené: 17.06.2013 | ||
| 500 | |a Study programme: Engineering of Chemical and Environmental Technologies | ||
| 500 | |a Study field: Chemical technologies | ||
| 500 | |a Škol. pracovisko: Odd. organickej technológie | ||
| 500 | |a Evid. číslo: FCHPT-13306-45246 | ||
| 910 | |a SCHK95 | ||
| 999 | |c 4731 |d 4731 | ||